[Event "Polish Extraleague"]
[Site "Lubniewice POL"]
[Date "2003.09.07"]
[Round "9"]
[White "Grabarczyk,M"]
[Black "Socko,B"]
[Result "1/2-1/2"]
[WhiteElo "2508"]
[BlackElo "2551"]

1.d4 Nf6 2.c4 e6 3.g3 Bb4+ 4.Bd2 Bxd2+ 5.Qxd2 d6 6.Nc3 Qe7 7.Nf3 Nc6 8.Bg2 e5
9.Nd5 Nxd5 10.cxd5 Nb8 11.dxe5 dxe5 12.Qc3 f6 13.O-O O-O 14.Rfd1 c6 15.d6 Qf7
16.b4 Be6 17.a4 Rc8 18.Nd2 Nd7 19.Ne4 Bd5 20.Nc5 Bxg2 21.Kxg2 Rab8 22.a5 Nf8
23.Rd2 Rd8 24.a6 b6 25.Nb7 Rd7 26.Qxc6 Ne6 27.e3 f5 28.f4 exf4 29.exf4 g5
30.fxg5 Nxg5 31.Rf1 Re8 32.Qd5 Re2+ 33.Kh1 Rxd2 34.Qxd2 Ne4 35.Qd4 Qe6 36.Kg1 Nxd6
37.Nxd6 Rxd6 38.Qf4 b5 39.Qg5+ Qg6 40.Rxf5 Qxg5 41.Rxg5+ Kh8 42.Rxb5 Rxa6
43.Ra5 Rb6 44.b5 Rb7 45.Kf2 Re7 46.Kf3 Kg7 47.Kg4 Rf7 48.Kg5 Kg8 49.g4 Kg7
50.Kh5 Rd7 51.g5 Kg8 52.h3 Rd5 53.h4 a6 54.Rxa6 Rxb5 55.Kh6 Rb8 56.Ra4 Rb6+
57.Kh5 Kg7 58.Kg4 h6 59.Ra7+ Kg8  1/2-1/2

[Event "56th ch-RUS"]
[Site "Krasnoyarsk RUS"]
[Date "2003.09.10"]
[Round "7"]
[White "Rustemov,A"]
[Black "Iljin,A"]
[Result "1/2-1/2"]
[WhiteElo "2604"]
[BlackElo "2471"]

1.d4 Nf6 2.c4 e6 3.g3 Bb4+ 4.Bd2 Be7 5.Bg2 d5 6.Nf3 O-O 7.O-O c6 8.Qb3 b6
9.cxd5 cxd5 10.Ne5 Ba6 11.Nc3 Bb7 12.Rfd1 Nc6 13.Qa4 Nxe5 14.dxe5 Nd7 15.f4 a6
16.Be3 b5 17.Qd4 b4 18.Ne4 Qb8 19.Rac1 Rd8 20.Nd2 a5 21.Nf3 Ba6 22.Qd2 Qb7
23.Nd4 Rac8 24.f5 exf5 25.e6 Nf6 26.exf7+ Kxf7 27.Nxf5 Ne4 28.Bxe4 dxe4 29.Qxd8 Rxd8
30.Rxd8 Bxe2 31.Nd6+ Bxd6 32.Rxd6 Bg4 33.Bb6 Qb8 34.Rc7+ Ke8 35.Kf2 e3+ 36.Kxe3 Qa8
37.Kd4 Qf3 38.Bxa5 Qf2+ 39.Kc4 Qxb2 40.Kc5 Qe5+ 41.Rd5 Qe3+ 42.Kxb4 Qe4+
43.Kc5 Qe3+ 44.Kb4 Qe4+ 45.Kc5 Qe3+  1/2-1/2

[Event "TCh-CRO"]
[Site "Rabac CRO"]
[Date "2003.09.14"]
[Round "8"]
[White "Stohl,I"]
[Black "Sulava,N"]
[Result "1/2-1/2"]
[WhiteElo "2556"]
[BlackElo "2479"]

1.c4 e6 2.d4 Nf6 3.g3 Bb4+ 4.Bd2 Qe7 5.Nf3 Nc6 6.Nc3 O-O 7.Bg2 Na5 8.b3 b6
9.O-O Bb7 10.Qc2 Rac8 11.Bg5 d5  1/2-1/2

[Event "TCh-CRO"]
[Site "Rabac CRO"]
[Date "2003.09.15"]
[Round "9"]
[White "Horvath,Jo1"]
[Black "Nikolac,J"]
[Result "1-0"]
[WhiteElo "2519"]
[BlackElo "2418"]

1.d4 Nf6 2.c4 e6 3.g3 Bb4+ 4.Bd2 c5 5.Bxb4 cxb4 6.Bg2 O-O 7.Nd2 d6 8.e3 e5
9.Ne2 Qe7 10.Qb3 a5 11.a3 Na6 12.O-O Bg4 13.Nc1 Rfe8 14.axb4 Nxb4 15.Na2 Nc6
16.d5 Nb8 17.Nc3 Nbd7 18.Qb5 b6 19.b4 h5 20.bxa5 bxa5 21.Rxa5 Rab8 22.Qa4 Rb2
23.Nde4 Nb6 24.Nxf6+ gxf6 25.Qa1 Rb4 26.Ra7 Qd8 27.h3 Bf5 28.e4 Bg6 29.Rb1 Rxb1+
30.Qxb1 Nxc4 31.Qb4 Qb8 32.Rb7 Qa8 33.Rc7 Qa1+ 34.Kh2 Nb2 35.Qxd6 h4 36.Qxf6 hxg3+
37.fxg3 Nd3 38.d6 Qa6  1-0

[Event "3rd ch-Euro Senior"]
[Site "Saint Vincent ITA"]
[Date "2003.09.17"]
[Round "1"]
[White "Marjanovic,Slavk"]
[Black "Hecht,HJ"]
[Result "0-1"]
[WhiteElo "2034"]
[BlackElo "2404"]

1.d4 Nf6 2.c4 e6 3.g3 Bb4+ 4.Bd2 Qe7 5.Bg2 Nc6 6.Nf3 Bxd2+ 7.Nbxd2 O-O 8.O-O d6
9.Qc2 e5 10.dxe5 dxe5 11.e3 Re8 12.Rfe1 a5 13.a3 a4 14.Rad1 Bg4 15.h3 Bh5
16.Ne4 Nxe4 17.Qxe4 Bg6 18.Qd5 Bc2 19.Rc1 Bb3 20.Qe4 Rad8 21.Re2 Bd1 22.Re1 Bb3
23.Re2 g6 24.Nd2 f5 25.Qb1 e4 26.Nxb3 axb3 27.Rc3 Na5 28.Bf1 c5 29.Re1 Rd2
30.Be2 Red8 31.Kg2 h5 32.Bd1 R8d3 33.Rc1 Qf6 34.Re2 Rxe2 35.Bxe2 Rd2 36.Kf1 Qxb2
37.Qxb2 Rxb2 38.Bd1 Kf8 39.g4 h4 40.gxf5 gxf5 41.Ke1 Ke7 42.a4 Ra2 43.Rb1 Rxa4
44.Bxb3 Rb4 45.Ba2 Rxb1+ 46.Bxb1 Nxc4  0-1

[Event "Saipa Cup"]
[Site "Tehran IRI"]
[Date "2003.09.19"]
[Round "7"]
[White "Roghani,A"]
[Black "Ardeshi,M"]
[Result "0-1"]
[WhiteElo "2301"]
[BlackElo "2339"]

1.d4 Nf6 2.c4 e6 3.g3 Bb4+ 4.Bd2 Be7 5.Bg2 d5 6.Nf3 O-O 7.Qc2 b6 8.cxd5 exd5
9.O-O Bb7 10.Nc3 Nbd7 11.Rfd1 a6 12.Bf4 c5 13.Rac1 Rc8 14.dxc5 bxc5 15.Ne5 Nb6
16.Na4 Nxa4 17.Qxa4 Qb6 18.b3 Qb5 19.Qxb5 axb5 20.Rc2 Ba8 21.Bf3 Rfe8 22.Kg2 Ne4
23.Bc1 d4 24.Bb2 Bd6 25.Nd3 c4 26.bxc4 bxc4 27.Bxd4 cxd3 28.Rxc8 Rxc8 29.Rxd3 Bf8
30.a4 Ng5 31.Bb6 Nxf3 32.exf3 Bb7 33.a5 g5 34.Rd7 Bc6 35.Rd4 Bg7 36.Rg4 h6
37.h3 Bc3  0-1

[Event "ECC"]
[Site "Rethymnon GRE"]
[Date "2003.09.29"]
[Round "2"]
[White "Huzman,A"]
[Black "Parker,J"]
[Result "1/2-1/2"]
[WhiteElo "2574"]
[BlackElo "2541"]

1.d4 Nf6 2.c4 e6 3.g3 Bb4+ 4.Bd2 Bxd2+ 5.Qxd2 d5 6.Bg2 O-O 7.Nf3 Nbd7 8.O-O b6
9.cxd5 exd5 10.Nc3 Bb7 11.Rac1 Qe7 12.Rfd1 c6 13.e3 Rfd8 14.Qc2 g6 15.Ne1 h5
16.h4 Ng4 17.e4 dxe4 18.Qxe4 Qd6 19.Qb1 Ndf6 20.Bf3 Re8 21.Ng2 Re7 22.b4 Rae8
23.Qb2 Qd7 24.Nf4 Qf5 25.Qb1 Nh6 26.a4 Rd8 27.Qb2 Nhg4 28.Qc2 Qxc2 29.Rxc2 Red7
30.Nce2 Nd5 31.Nxd5 cxd5 32.Rdc1 Kf8 33.Nf4 Nh6 34.Bg2 Nf5 35.Rd1 Nd6 36.Nd3 Nf5
37.Ne5 Re7 38.Bh3 Nd6 39.Rdc1 Nc4 40.f4 Kg7 41.Bg2 a6 42.Nxc4  1/2-1/2

[Event "ECC"]
[Site "Rethymnon GRE"]
[Date "2003.09.29"]
[Round "2"]
[White "Poeltl,T"]
[Black "Akman,O"]
[Result "1/2-1/2"]
[WhiteElo "2182"]
[BlackElo "2013"]

1.d4 Nf6 2.c4 e6 3.g3 Bb4+ 4.Bd2 Qe7 5.Bg2 Bxd2+ 6.Qxd2 d6 7.Nc3 O-O 8.Nf3 e5
9.O-O Re8 10.dxe5 dxe5 11.Nd5 Qd8 12.Qc3 c6 13.Ne3 Nbd7 14.Rfd1 Qb6 15.b4 Ne4
16.Qc2 Ndf6 17.a3 Nxf2 18.c5 Nxd1 19.cxb6 Nxe3 20.Qc5 Nxg2 21.Kxg2 axb6 22.Qxb6 Nd5
23.Qc5 Bg4 24.e4 Bxf3+ 25.Kxf3 Nf6 26.a4 Rad8 27.Ra3 Rd4 28.Re3 h6 29.Qb6 Rd7
30.a5 Ra8 31.Qc5 Re8 32.a6 bxa6 33.Qxc6 Re6 34.Qa8+ Kh7 35.Qb8 Re8 36.Qb6 Re6
37.Qa5 Rd4 38.Qc7  1/2-1/2

[Event "Classics II IM"]
[Site "Gausdal NOR"]
[Date "2003.10.22"]
[Round "2"]
[White "Olsson,L"]
[Black "Thinius,M"]
[Result "1-0"]
[WhiteElo "2269"]
[BlackElo "2389"]

1.d4 Nf6 2.c4 e6 3.g3 Bb4+ 4.Nd2 d5 5.Bg2 O-O 6.Qc2 b6 7.Nf3 Bb7 8.O-O Nbd7
9.Rd1 Be7 10.cxd5 exd5 11.Nb3 c5 12.dxc5 bxc5 13.Bf4 a5 14.a4 Qb6 15.Ne5 Rfd8
16.Rac1 c4 17.Nd4 Bc5 18.e3 Bf8 19.Nxd7 Rxd7 20.Bh3 Re7 21.Bg5 Ree8 22.Bxf6 Qxf6
23.Nb5 Qb6 24.Bg2 Red8 25.Nc3 Qe6 26.Rd2 Bb4 27.Rcd1 Bxc3 28.Qxc3 Bc6 29.b3 cxb3
30.Qxb3 Rab8 31.Qa2 g6 32.Bxd5 Rxd5 33.Rxd5 Bxd5 34.Qxd5 Qb6 35.h4 Qb4 36.Qd4 h5
37.Kg2 Qb7+ 38.Qd5 Qb4 39.Rd4 Qe1 40.Rf4 Rf8 41.Rf6 Kg7 42.Ra6 Kh6 43.Qxa5 Qd1
44.Ra8 Rxa8 45.Qxa8  1-0

[Event "Classics II GM"]
[Site "Gausdal NOR"]
[Date "2003.10.23"]
[Round "3"]
[White "Hutters,T"]
[Black "Heim,S"]
[Result "1/2-1/2"]
[WhiteElo "2418"]
[BlackElo "2379"]

1.d4 e6 2.c4 Nf6 3.g3 Bb4+ 4.Bd2 Qe7 5.Bg2 Nc6 6.e3 Bxd2+ 7.Qxd2 Qb4 8.b3 Qxd2+
9.Nxd2 d6 10.Ne2 Bd7 11.O-O O-O 12.Nc3 Rab8 13.Rac1 Rfc8 14.a3 a5 15.f4 Ne7
16.Rfd1 b5 17.cxb5 Bxb5 18.e4 h6 19.Nxb5 Rxb5 20.Bf1 Rb6 21.Rc3 d5 22.exd5 Nfxd5
23.Rc5 Ra8 24.Rb1  1/2-1/2

[Event "TCh-CZE Extraliga 2003-4"]
[Site "Czech Rep CZE"]
[Date "2003.11.09"]
[Round "2"]
[White "Dydyshko,V"]
[Black "Laznicka,V"]
[Result "1/2-1/2"]
[WhiteElo "2556"]
[BlackElo "2437"]

1.d4 Nf6 2.c4 e6 3.g3 Bb4+ 4.Bd2 Qe7 5.Nf3 Nc6 6.Nc3 Bxc3 7.Bxc3 Ne4 8.Rc1 d6
9.d5 Nxc3 10.Rxc3 Nb8 11.dxe6 fxe6 12.Bg2 O-O 13.O-O Nd7 14.Nd4 Kh8 15.Qd2 e5
16.Nc2 Nf6 17.e4 Be6 18.Ne3 Qd7 19.f3 b6 20.Rd1 a5 21.b3 Qf7 22.Nd5 Ra7 23.Rf1 Qd7
24.Rd3 Raa8 25.Rc1 Ng8 26.f4 exf4 27.Nxf4 Rae8 28.c5 bxc5 29.Rxc5 a4 30.e5 Qf7
31.exd6 cxd6 32.Nxe6 Qxe6 33.Rc1 axb3 34.axb3 Nf6 35.b4 d5  1/2-1/2

[Event "7th BayEM"]
[Site "Bad Wiessee GER"]
[Date "2003.11.13"]
[Round "6"]
[White "Giemsa,S"]
[Black "Skembris,S"]
[Result "0-1"]
[WhiteElo "2290"]
[BlackElo "2439"]

1.d4 Nf6 2.c4 e6 3.g3 Bb4+ 4.Nd2 d5 5.Bg2 O-O 6.Nf3 b6 7.O-O Bb7 8.cxd5 exd5
9.Ne5 Nbd7 10.Ndf3 h6 11.Bf4 Bd6 12.Nxd7 Qxd7 13.Bxd6 cxd6 14.Ne1 Rfe8 15.Nd3 Re7
16.Re1 Rae8 17.e3 g5 18.a4 a5 19.b4 Ba6 20.bxa5 bxa5 21.Nc1 Bc4 22.Nb3 Qa7
23.Nd2 Rb8 24.Qc2 Rb4 25.Bf1 Kg7 26.Qf5 Bxf1 27.Rxf1 Rb2 28.Nf3 Qd7 29.Qxd7 Rxd7
30.Rfb1 Rdb7 31.Rxb2 Rxb2 32.Ne1 Ne4 33.f3 Nf2 34.Rc1 Nh3+ 35.Kh1 Re2 36.Rb1 h5
37.Ng2 Ra2  0-1

[Event "34th NCC"]
[Site "Philadelphia USA"]
[Date "2003.11.29"]
[Round "4"]
[White "Shapiro,D"]
[Black "Stancil,K"]
[Result "1/2-1/2"]
[WhiteElo "2264"]
[BlackElo "2107"]

1.d4 Nf6 2.c4 e6 3.g3 Bb4+ 4.Bd2 a5 5.Bg2 O-O 6.Qc2 d5 7.Nf3 Nc6 8.O-O Bxd2
9.Nbxd2 Nb4 10.Qb3 dxc4 11.Nxc4 Nc6 12.Rfd1 a4 13.Qc3 Qe7 14.a3 Rd8 15.Rac1 Bd7
16.Nfe5 Nd5 17.Qc2 Be8 18.Nxc6 Bxc6 19.Ne5 Rd6 20.Nd3 Nf6 21.Nc5 Bxg2 22.Kxg2 Rc6
23.Qd3 Rb6 24.Rd2 Qe8 25.Rc4 Qc6+ 26.f3 Qe8 27.Qc2 Rb5 28.Nxa4 Rh5 29.Nc3 c6
30.e4 Rd8 31.Ne2 e5 32.dxe5 Rxe5 33.Rxd8 Qxd8 34.Rd4 Qc8 35.Qd2 Re8 36.Nc3 Qe6
37.Rb4 Qe7 38.Rd4 h6 39.Rd6 Qe5 40.f4 Qa5 41.Qd3 Qb6 42.Qe2 Qc5 43.Rd3 Qc4
44.Rd2 Qc5 45.e5 Qa5 46.Qd1 Nh7 47.Ne4 Nf8 48.Nd6 Rd8 49.Rd3 Ne6 50.b4 Qc7
51.f5 Nf8 52.f6 g6 53.Qd2 g5 54.h4 Ne6 55.hxg5 hxg5 56.Qe2 c5 57.b5 c4 58.Rc3 Qc5
59.Rxc4 Qd5+ 60.Kf2 Qh1 61.Qf3 Qa1 62.Qe3 Qh1 63.Rg4 Qh2+ 64.Ke1 Qh1+ 65.Kd2 Kf8
66.Qe4 Qh2+ 67.Kc3 Rd7 68.b6 Qa2 69.Qb4 Qa1+ 70.Kc2 Qa2+ 71.Qb2 Qd5 72.Qb4 Kg8
73.Qc3 Qa2+ 74.Qb2 Qd5 75.Qc3 Qa2+  1/2-1/2

[Event "ch-IND National A"]
[Site "Calicut IND"]
[Date "2003.12.08"]
[Round "8"]
[White "Roktim,B"]
[Black "Venkatesh,M"]
[Result "0-1"]
[WhiteElo "2352"]
[BlackElo "2401"]

1.d4 Nf6 2.c4 e6 3.g3 Bb4+ 4.Bd2 Qe7 5.Nf3 O-O 6.Bg2 Nc6 7.O-O d5 8.Qc2 Rd8
9.Bg5 h6 10.Bxf6 Qxf6 11.Rd1 Bf8 12.Qc3 dxc4 13.Qxc4 e5 14.d5 e4 15.Qxe4 Qxb2
16.Nbd2 Ne7 17.Nb3 c6 18.dxc6 Rxd1+ 19.Rxd1 Nxc6 20.Rd2 Qf6 21.Qf4 Qg6 22.Rd3 Qh5
23.Qc7 Qb5 24.h3 Qb6 25.Qf4 Be6 26.Nfd4 Nb4 27.Rd2 Bd5 28.Bxd5 Nxd5 29.Qe5 Rd8
30.Nf5 Nf6 31.Rxd8 Qxd8 32.Kh2 Qb6 33.e3 Qa6 34.Qa5 Qf1 35.Nh4 Qxf2+ 36.Ng2 Ne4
37.Qe5 Qxa2 38.Nd4 Nf2 39.Qe8 Nd3 40.Nf3 a5 41.Qb5 Nc5 42.Nd4 a4 43.Qe8 a3
44.Nf5 Qe6  0-1

[Event "VIII Mirko Srajber Mem"]
[Site "Subotica SCG"]
[Date "2003.12.08"]
[Round "11"]
[White "Drazic,S"]
[Black "Parligras,M"]
[Result "1/2-1/2"]
[WhiteElo "2467"]
[BlackElo "2525"]

1.d4 Nf6 2.c4 e6 3.g3 Bb4+ 4.Bd2 Bxd2+ 5.Nxd2 Nc6 6.Ngf3 d6 7.Bg2 O-O 8.O-O a5
9.e4 e5 10.d5 Nb8 11.Ne1 c6 12.Nd3 cxd5 13.cxd5 Bg4 14.f3 Bd7 15.Rc1 Na6
16.Rf2 b5 17.Bf1 Qb6 18.Kg2  1/2-1/2

[Event "TCh-CZE Extraliga 2003-4"]
[Site "Czech Rep CZE"]
[Date "2004.01.10"]
[Round "5"]
[White "Haba,P"]
[Black "Babula,V"]
[Result "1/2-1/2"]
[WhiteElo "2524"]
[BlackElo "2594"]

1.d4 Nf6 2.c4 e6 3.g3 Bb4+ 4.Bd2 a5 5.Bg2 d6 6.Nf3 Nbd7 7.O-O e5 8.e3 c6
9.a3 Bxd2 10.Nbxd2 O-O 11.dxe5 Nxe5 12.Qc2 Bg4 13.h3 Bh5 14.Nd4 Re8 15.Qc3 c5
16.Nc2 d5 17.cxd5 Nxd5 18.Qxc5 Rc8 19.Qxd5 Rxc2 20.Nb3 Rxb2 21.Qxd8 Rxd8
22.Nxa5 b6 23.Nb7 Rdd2 24.g4 Bg6 25.Rad1 h5 26.Rxd2 Rxd2 27.f4 Nc4 28.f5 Nxe3
29.Rf2 Rd1+ 30.Kh2 Bh7 31.Bf3 Rd3 32.a4  1/2-1/2

[Event "TCh-BEL 2003-4"]
[Site "Belgium BEL"]
[Date "2004.01.11"]
[Round "6"]
[White "Van Heirzeele,D"]
[Black "Leenhouts,K"]
[Result "1-0"]
[WhiteElo "2227"]
[BlackElo "2292"]

1.d4 Nf6 2.c4 e6 3.g3 Bb4+ 4.Bd2 Qe7 5.Bg2 Nc6 6.e3 Bxd2+ 7.Qxd2 O-O 8.Nc3 d6
9.Nge2 Bd7 10.O-O Rac8 11.Rac1 Nd8 12.e4 e5 13.Nd5 Nxd5 14.cxd5 c5 15.dxc6 Nxc6
16.d5 Nb8 17.Qe3 b6 18.Rfd1 Na6 19.Nc3 f5 20.exf5 Bxf5 21.Qe2 Nc5 22.b4 Nd7
23.Nb5 a6 24.Nd4 Rxc1 25.Rxc1 Qg5 26.f4 exf4 27.Ne6 Bxe6 28.Qxe6+ Kh8 29.Rf1 fxg3
30.hxg3 Rxf1+ 31.Kxf1 Qf6+ 32.Ke2 Qxe6+ 33.dxe6 Nf6 34.e7 Kg8 35.Bd5+ Kh8
36.Bf7 g5 37.e8=Q+ Nxe8 38.Bxe8 Kg7 39.Kf3 d5 40.Ke3 Kf6 41.Kd4  1-0

[Event "TCh-CZE Extraliga 2003-4"]
[Site "Czech Rep CZE"]
[Date "2004.02.07"]
[Round "6"]
[White "Jirka,J"]
[Black "Kacirek,P"]
[Result "0-1"]
[WhiteElo "2415"]
[BlackElo "2304"]

1.d4 e6 2.c4 Nf6 3.g3 Bb4+ 4.Bd2 Bxd2+ 5.Nxd2 d6 6.Bg2 O-O 7.e4 e5 8.Ne2 c5
9.d5 Ne8 10.O-O f5 11.f4 g6 12.exf5 gxf5 13.g4 Qe7 14.fxe5 Qxe5 15.Kh1 Nf6
16.Nf3 Qe3 17.gxf5 Bxf5 18.Ng3 Bg6 19.Re1 Qf4 20.Qc1 Qxc1 21.Raxc1 Re8 22.Rxe8+ Nxe8
23.Re1 Nd7 24.Bh3 Rd8 25.Re7 Nef6 26.Re6 Ne8 27.b3 Kf8 28.Ng5 Ne5 29.Nf5 Nf7
30.Nxf7 Kxf7 31.Kg2 Bxf5 32.Bxf5 Ng7 33.Bxh7 Nxe6 34.dxe6+ Kxe6 35.Be4 b6
36.h4 Ke5 37.Bd5 Kf4 38.h5 Kg5 39.Bf3 a6 40.a4 Rf8 41.Kg3 Re8 42.Kf2 Kf4  0-1

[Event "8th Open"]
[Site "St Lo FRA"]
[Date "2004.02.14"]
[Round "1"]
[White "Cioara,A"]
[Black "Renault,Jea"]
[Result "1-0"]
[WhiteElo "2361"]
[BlackElo "2020"]

1.d4 Nf6 2.c4 e6 3.g3 Bb4+ 4.Nc3 O-O 5.Bg2 d5 6.Nf3 dxc4 7.O-O c6 8.Qc2 h6
9.e4 b5 10.a4 Qb6 11.Be3 Ng4 12.Bf4 Bb7 13.e5 Bxc3 14.bxc3 Nd7 15.h3 Ngxe5
16.Nxe5 Nxe5 17.Bxe5 a6 18.Qe4 Ra7 19.Qh4 g5 20.Qh5 Qd8 21.f4 c5 22.fxg5 Qxg5
23.Qxg5+ hxg5 24.axb5 Bxg2 25.Kxg2 cxd4 26.Bxd4 Raa8 27.bxa6 Rfb8 28.a7 Re8
29.Rfb1 e5 30.Bxe5 Rxe5 31.Rb8+  1-0

[Event "TCh-BEL 2003-4"]
[Site "Belgium BEL"]
[Date "2004.02.15"]
[Round "9"]
[White "Miton,K"]
[Black "Hauchard,A"]
[Result "1-0"]
[WhiteElo "2543"]
[BlackElo "2499"]

1.d4 Nf6 2.c4 e6 3.g3 Bb4+ 4.Bd2 Be7 5.Bg2 d5 6.Nf3 O-O 7.O-O Nbd7 8.Qc2 c6
9.Bf4 b6 10.Rd1 Bb7 11.Nc3 Rc8 12.b3 Nh5 13.Bc1 f5 14.Bb2 Bd6 15.e3 Nhf6
16.Ne2 Qe7 17.Ne5 Bxe5 18.dxe5 Ng4 19.a4 Ngxe5 20.a5 Ng4 21.axb6 axb6 22.Ra7 Nc5
23.h3 Nf6 24.Bxf6 gxf6 25.Nd4 Rc7 26.Rc1 Rfc8 27.b4 Na6 28.Qa4 Nxb4 29.Nxe6 Qxe6
30.Qxb4 c5 31.Qb1 Rd8 32.Rd1 Kf8 33.Bxd5 Qd6 34.Bf3 Qxd1+ 35.Bxd1 Be4 36.Qa1 Rxd1+
37.Qxd1 Rxa7 38.f3 Ba8 39.Qd6+ Kg7 40.Qxb6 Ra1+ 41.Kf2 Ra2+ 42.Ke1 Bxf3 43.Qxc5 Kg6
44.Qc8 Re2+ 45.Kf1 Rxe3 46.Qg8+ Kh6 47.Qf7 Be4 48.Qxf6+ Kh5 49.Qg7 Rf3+ 50.Ke2 h6
51.g4+ Kh4 52.gxf5  1-0

[Event "5th Montenegro Open"]
[Site "Sozina SCG"]
[Date "2004.02.18"]
[Round "1"]
[White "Doncea,V"]
[Black "Kalinin,Al"]
[Result "0-1"]
[WhiteElo "2213"]
[BlackElo "2466"]

1.d4 Nf6 2.c4 e6 3.g3 Bb4+ 4.Bd2 Qe7 5.Bg2 Nc6 6.e3 O-O 7.Ne2 d5 8.O-O dxc4
9.Qc2 Bxd2 10.Nxd2 e5 11.d5 Nb4 12.Qxc4 c6 13.e4 cxd5 14.exd5 Bf5 15.a3 Nd3
16.Nc1 Rac8 17.Qb3 Nc5 18.Qe3 Rfd8 19.Qg5 Bg6 20.Re1 e4 21.b4 h6 22.Qh4 Rxd5
23.Ra2 Ne6 24.g4 Qd7 25.Ncb3 Rd3 26.Rb2 Ng5 27.Nf1 Rd1 28.Nc5 Rxc5  0-1

[Event "ch-CZE junior"]
[Site "Karlovy Vary CZE"]
[Date "2004.02.26"]
[Round "10"]
[White "Lahner,J"]
[Black "Cifka,S"]
[Result "0-1"]
[WhiteElo "2267"]
[BlackElo "2266"]

1.d4 e6 2.c4 Nf6 3.g3 Bb4+ 4.Bd2 Qe7 5.Nf3 Nc6 6.Nc3 Bxc3 7.Bxc3 Ne4 8.Rc1 d6
9.Bg2 e5 10.d5 Nxc3 11.Rxc3 Nb8 12.Nd2 O-O 13.b4 f5 14.O-O Nd7 15.Nb3 e4
16.Nd4 Nf6 17.Qd2 Kh8 18.f4 Bd7 19.Nc2 a5 20.a3 axb4 21.axb4 Ra2 22.Ra3 Rxa3
23.Nxa3 Ra8 24.Qc3 h5 25.h4 Qf7 26.Nc2 b5 27.Ne3 bxc4 28.Qxc4 Ra3 29.Qd4 Qg6
30.Kh2 Rxe3  0-1

[Event "Koenigsspringer IM"]
[Site "Hamburg GER"]
[Date "2004.03.08"]
[Round "1"]
[White "Kopylov,M"]
[Black "Reddmann,H"]
[Result "1/2-1/2"]
[WhiteElo "2445"]
[BlackElo "2338"]

1.d4 Nf6 2.c4 e6 3.g3 Bb4+ 4.Nd2 O-O 5.Bg2 Re8 6.Nf3 d5 7.O-O c6 8.Qc2 Nbd7
9.e4 dxe4 10.Nxe4 Nxe4 11.Qxe4 Nf6 12.Qc2 Be7 13.Rd1 Qa5 14.a3 Bd7 15.Ne5 Red8
16.Bf4 Rac8 17.a4 Be8 18.c5 b6 19.Bf1 bxc5 20.Nc4 Qb4 21.Bd2 Qb8 22.Bf4 Qb4
23.Bd2 Qb8  1/2-1/2

[Event "TCh-AUT 2003-4"]
[Site "Jenbach AUT"]
[Date "2004.03.20"]
[Round "10"]
[White "Hertneck,G"]
[Black "Kosten,A"]
[Result "1-0"]
[WhiteElo "2536"]
[BlackElo "2507"]

1.d4 Nf6 2.c4 e6 3.g3 Bb4+ 4.Bd2 a5 5.Bg2 d5 6.Qb3 Nc6 7.Nf3 Ne4 8.Bxb4 axb4
9.e3 Na5 10.Qxb4 Nxc4 11.Nfd2 Qd6 12.Qb5+ c6 13.Nxe4 cxb5 14.Nxd6+ Nxd6 15.Na3 Bd7
16.Nc2 Ke7 17.b3 Nc8 18.Kd2 Na7 19.Rhc1 Rhc8 20.Bf1 f6 21.f4 Be8 22.Na3 Rxc1
23.Kxc1 Kd6 24.Kb2 Bd7 25.Rc1 h6 26.b4 g5 27.Be2 gxf4 28.exf4 Re8 29.Nc2 Nc8
30.Na3 Na7 31.Rf1 Kc6 32.Rf3 Kb6 33.g4 e5 34.fxe5 fxe5 35.Rf6+ Nc6 36.dxe5 Rxe5
37.Bxb5 Bxg4 38.Rxh6 Be2 39.Ba4 Re4 40.Nc2 d4 41.Na3 Bf3 42.Nc4+ Ka7 43.b5 Ne5
44.Nxe5 Rxe5 45.Rd6 Re2+ 46.Ka3 Rxh2 47.Rxd4 Kb6 48.Kb4 Rxa2 49.Rd6+ Kc7
50.Rf6 Bh5 51.b6+ Kd8 52.Rd6+ Ke7 53.Rd7+ Ke6 54.Rxb7 Bf3 55.Rb8 Rb2+ 56.Kc5 Rb1
57.Re8+ Kf7 58.Re3 Bh1 59.Rc3 Ke7 60.Bc6 Kd8 61.Bxh1 Rxh1 62.Kb5  1-0

[Event "TCh-AUT 2003-4"]
[Site "Jenbach AUT"]
[Date "2004.03.21"]
[Round "11"]
[White "Ebner,H"]
[Black "Gaertner,G"]
[Result "1/2-1/2"]
[WhiteElo "2251"]
[BlackElo "2340"]

1.d4 Nf6 2.c4 e6 3.g3 Bb4+ 4.Bd2 a5 5.Bg2 O-O 6.Nc3 d6 7.Nf3 Bxc3 8.Bxc3 Ne4
9.Qc2 Nxc3 10.Qxc3 Qe7  1/2-1/2

[Event "ch-HUN U20"]
[Site "Budapest HUN"]
[Date "2004.04.11"]
[Round "7"]
[White "Flumbort,A"]
[Black "Pap,G"]
[Result "1-0"]
[WhiteElo "2486"]
[BlackElo "2323"]

1.d4 Nf6 2.c4 e6 3.g3 Bb4+ 4.Nd2 Nc6 5.Nf3 d6 6.Bg2 O-O 7.O-O Bxd2 8.Qxd2 e5
9.d5 Ne7 10.Re1 Ne4 11.Qc2 f5 12.b4 a5 13.bxa5 Rxa5 14.Nd2 Nc5 15.Nb3 Nxb3
16.Qxb3 b6 17.a4 f4 18.Bd2 Ra8 19.a5 bxa5 20.Rxa5 Rxa5 21.Bxa5 Nf5 22.e3 h5
23.exf4 exf4 24.Qc3 fxg3 25.fxg3 h4 26.g4 Nh6 27.h3 Nxg4 28.hxg4 Bxg4 29.Qe3 Qd7
30.Qe7 Qa4 31.Bc3 Rf7 32.Qd8+  1-0

[Event "ACP Blitz Prelim3"]
[Site "playchess.com INT"]
[Date "2004.04.14"]
[Round "17"]
[White "Raetsky,A"]
[Black "Atarov,E"]
[Result "1/2-1/2"]
[WhiteElo "2393"]
[BlackElo "2138"]

1.d4 Nf6 2.c4 e6 3.g3 Bb4+ 4.Nd2 c5 5.dxc5 Bxc5 6.Bg2 O-O 7.Ngf3 Nc6 8.O-O d5
9.a3 a5 10.cxd5 Nxd5 11.Ne4 Be7 12.Bd2 h6 13.Rc1 Qb6 14.Qc2 Bd7 15.Nc5 Rfd8
16.e4 Nf6 17.Be3 Qc7 18.Rfd1 Be8  1/2-1/2

[Event "CXSP Open"]
[Site "Sao Paulo BRA"]
[Date "2004.05.08"]
[Round "3"]
[White "Coelho,L"]
[Black "Burgos,M"]
[Result "1/2-1/2"]
[WhiteElo "2400"]
[BlackElo "2168"]

1.d4 Nf6 2.c4 e6 3.g3 Bb4+ 4.Bd2 Qe7 5.Bg2 Nc6 6.Nf3 Bxd2+ 7.Nbxd2 d6 8.O-O O-O
9.e4 e5 10.d5 Nb8 11.Ne1 h5 12.Nd3 h4 13.b4 a5 14.bxa5 Rxa5 15.c5 hxg3 16.hxg3 Nfd7
17.cxd6 cxd6 18.Nc4 Ra8 19.Qb3 Na6 20.Qa3 Ndc5 21.Nxc5 dxc5 22.Rab1 Re8 23.Rb6 Nc7
24.d6 Rxa3 25.dxe7 Ra8 26.Nxe5 Rxe7 27.Nd3 Rxa2 28.Nxc5 Rc2  1/2-1/2

[Event "57th ch-RUS Qualifier"]
[Site "St Petersburg RUS"]
[Date "2004.05.27"]
[Round "6"]
[White "Burmakin,V"]
[Black "Nikolenko,O"]
[Result "1/2-1/2"]
[WhiteElo "2571"]
[BlackElo "2520"]

1.d4 Nf6 2.c4 e6 3.g3 Bb4+ 4.Nd2 c5 5.dxc5 Bxc5 6.Bg2 d5 7.Ngf3 Nc6 8.O-O O-O
9.cxd5 exd5 10.Nb3 Bb6 11.Nbd4 Re8 12.b3 Bg4 13.Nxc6 bxc6 14.Bb2 Ne4 15.Rc1 Rc8
16.Qd3 Qd6 17.Nd4 c5 18.Nb5 Qg6 19.Qd1 a6 20.Bxe4 Rxe4 21.Nc3 Ree8 22.Qxd5 Bxe2  1/2-1/2

[Event "3rd ACP Blitz Prelim3"]
[Site "playchess.com INT"]
[Date "2004.06.02"]
[Round "1"]
[White "Grabuzova,T"]
[Black "Kiriakov,P"]
[Result "0-1"]
[WhiteElo "2348"]
[BlackElo "2568"]

1.d4 e6 2.c4 Nf6 3.g3 Bb4+ 4.Bd2 c5 5.Bxb4 cxb4 6.Bg2 O-O 7.Nf3 d6 8.O-O Re8
9.a3 bxa3 10.Nxa3 Nc6 11.Nb5 Qe7 12.Qb3 a6 13.Rfd1 Rb8 14.Nc3 Qc7 15.Rac1 Na5
16.Qa2 Nxc4 17.b3 Nb6 18.e4 Qd8 19.e5 Nfd5 20.Ne4 dxe5 21.dxe5 Bd7 22.Nd6 Rf8
23.Nd4 f6 24.f4 fxe5 25.fxe5 Qg5 26.Qe2 a5 27.Re1 a4 28.bxa4 Ra8 29.Bh3 Nf4
30.Qg4 Rxa4 31.gxf4 Qxg4+ 32.Bxg4 Rxd4 33.Bf3 Rdxf4 34.Bxb7 Rg4+ 35.Kh1 Rf2
36.Rg1 Rh4 37.Rg2 Rxg2 38.Kxg2 Rh5 39.Re1 Rg5+ 40.Kf3 h5 41.h3 h4 42.Kf4 Rg3
43.Re3 g5+ 44.Ke4 Rg1 45.Ra3 Na4 46.Rf3 Re1+ 47.Kd4 Rd1+ 48.Rd3 Rxd3+ 49.Kxd3 Nc5+
50.Kc4 Nxb7 51.Nxb7 g4 52.Na5 gxh3  0-1

[Event "3rd ACP Blitz Prelim3"]
[Site "playchess.com INT"]
[Date "2004.06.02"]
[Round "8"]
[White "Grabuzova,T"]
[Black "Macieja,B"]
[Result "0-1"]
[WhiteElo "2348"]
[BlackElo "2633"]

1.d4 Nf6 2.c4 e6 3.g3 Bb4+ 4.Bd2 Qe7 5.Nc3 Bxc3 6.Bxc3 Ne4 7.Rc1 O-O 8.Bg2 Nxc3
9.Rxc3 d6 10.Nf3 e5 11.dxe5 dxe5 12.Qd5 Nc6 13.O-O a6 14.Qd2 Qc5 15.b3 Bf5
16.Re3 Rad8 17.Qc3 f6 18.Nd2 Rd4 19.Bd5+ Kh8 20.Bxc6 Qxc6 21.Nf3 Rd7 22.b4 Rfd8
23.c5 Bh3 24.Re1 Rd1 25.Rd3 R8xd3  0-1

[Event "3rd ACP Blitz Prelim3"]
[Site "playchess.com INT"]
[Date "2004.06.02"]
[Round "18"]
[White "Bauer,Ch"]
[Black "Macieja,B"]
[Result "1/2-1/2"]
[WhiteElo "2595"]
[BlackElo "2633"]

1.d4 Nf6 2.c4 e6 3.g3 Bb4+ 4.Bd2 Qe7 5.Bg2 Nc6 6.e3 e5 7.d5 Bxd2+ 8.Qxd2 Nb8
9.Nc3 d6 10.h3 a5 11.Nge2 Na6 12.b3 O-O 13.O-O h5 14.f4 exf4 15.exf4 Bd7
16.Rae1 Rae8 17.Nd4 Qd8 18.Ncb5 b6 19.a3 Rxe1 20.Rxe1 Re8 21.Nc3 Rxe1+ 22.Qxe1 Qe8
23.Qxe8+ Nxe8 24.Kf2 g6 25.Ke3 Ng7 26.Bf1 Kf8 27.Kf3 Nf5 28.Nxf5 Bxf5 29.Nb5 Ke7
30.g4 hxg4+ 31.hxg4 Bb1  1/2-1/2

[Event "II Gyorgy Marx Mem IM"]
[Site "Paks HUN"]
[Date "2004.06.06"]
[Round "2"]
[White "Dragomirescu,An"]
[Black "Pap,G"]
[Result "1/2-1/2"]
[WhiteElo "2288"]
[BlackElo "2323"]

1.d4 Nf6 2.c4 e6 3.g3 Bb4+ 4.Bd2 Qe7 5.Nf3 Nc6 6.Bg2 Bxd2+ 7.Nbxd2 O-O 8.O-O d6
9.e4 a5 10.b3 e5 11.d5 Nb8 12.a3 Na6 13.b4 Bd7 14.Qb3 axb4 15.axb4 c5 16.dxc6 Bxc6
17.Ne1 b5 18.Nd3 Rfb8 19.Rfe1 bxc4 20.Nxc4 Qe6 21.Ra5 Bb5 22.Rc1 Ra7 23.Rxb5 Rxb5
24.Nxd6 Rb8 25.Qxe6 fxe6 26.Bh3 Rc7  1/2-1/2

[Event "Masters"]
[Site "Grenoble FRA"]
[Date "2004.06.23"]
[Round "6"]
[White "Verat,L"]
[Black "Van Hoolandt,P"]
[Result "1/2-1/2"]
[WhiteElo "2319"]
[BlackElo "2237"]

1.d4 Nf6 2.c4 e6 3.g3 Bb4+ 4.Bd2 Qe7 5.Bg2 Nc6 6.Nf3 Bxd2+ 7.Nbxd2 d6 8.Nf1 a5
9.Ne3 O-O 10.O-O Bd7 11.Rc1 Nb4 12.a3 Na6 13.Qc2 Bc6 14.Rfd1 Rfd8 15.b3 Be4
16.Qc3 b6 17.b4 axb4 18.axb4 c5 19.b5 Nb4 20.Ra1 Qb7 21.dxc5 dxc5 22.Rxd8+ Rxd8
23.Qa3 h6 24.Qa7 Ra8 25.Qxa8+ Qxa8 26.Rxa8+ Bxa8 27.Ne5 Bxg2 28.Kxg2 Kf8
29.f4 Ke7 30.Kf3 h5 31.h3 Ne8 32.g4 hxg4+ 33.hxg4 Nd6 34.f5 Na2 35.Nc6+ Kd7
36.Ne5+ Ke7 37.Nc6+ Kd7 38.Ne5+ Ke7 39.Nc6+ Kd7  1/2-1/2